LIBRARY & INFORMATION CENTRE, KCAET, TAVANUR

ONLINE PUBLIC ACCESS CATALOGUE (OPAC)

Agricultural Mechanics:Fundamentals and Applications (Record no. 14104)

MARC details
000 -LEADER
fixed length control field 00476nam a22001817a 4500
003 - CONTROL NUMBER IDENTIFIER
control field OSt
008 - FIXED-LENGTH DATA ELEMENTS--GENERAL INFORMATION
fixed length control field 240220b |||||||| |||| 00| 0 eng d
020 ## - INTERNATIONAL STANDARD BOOK NUMBER
ISBN 978-1-4390-4273-1
041 ## - LANGUAGE CODE
Language code of text/sound track or separate title eng
082 ## - DEWEY DECIMAL CLASSIFICATION NUMBER
Classification number 631.3
Item number HER/AG
100 ## - MAIN ENTRY--AUTHOR NAME
Personal name Herren,Ray. V
245 ## - TITLE STATEMENT
Title Agricultural Mechanics:Fundamentals and Applications
250 ## - EDITION STATEMENT
Edition statement 6th
260 ## - PUBLICATION, DISTRIBUTION, ETC. (IMPRINT)
Place of publication Australia
Name of publisher Delmar Cengage Learning
Year of publication 2010
300 ## - PHYSICAL DESCRIPTION
Number of Pages 896
Accompanying material PB
650 ## - SUBJECT ADDED ENTRY--TOPICAL TERM
Topical Term Agricultural mechanics
942 ## - ADDED ENTRY ELEMENTS (KOHA)
Koha item type Books
Holdings
Withdrawn status Lost status Damaged status Collection code Home library Current library Shelving location Date acquired Source of acquisition Cost, normal purchase price Full call number Accession Number Koha item type
      Non-fiction KAUAET KAUAET General Stacks 16/09/2014 Cosmo Book House, Thrissur. 2835.00 631.3 HER/AG 23975 Books
free website counter